La clave para el uso de los ordenadores

Uloženo v:
Podrobná bibliografie
Hlavní autor: Benesch, Helmuth
Médium: Kniha
Jazyk:španělština
Vydáno: CEAC. 1984.
Témata:
Tagy: Přidat tag
Žádné tagy, Buďte první, kdo vytvoří štítek k tomuto záznamu!

MARC

LEADER 00000nam a22000005a 4500
001 453
003 CL-ChBUA
005 20120815102704.0
008 070301s1984 sp 000 0 spa
020 |a 8432970042 
040 |a CL-ChBUA  |c CL-ChBUA 
082 0 0 |a 001.64 
090 |c 453  |d 453 
100 1 |a Benesch, Helmuth. 
245 1 0 |a La clave para el uso de los ordenadores 
260 |b CEAC.  |c 1984. 
300 |a 246 p.: il.  |b 246 p.: il.  |c 23 cm. 
504 |a Indice. 
650 4 |a REDES DE COMPUTADORES. 
650 4 |a COMPUTADORES. 
650 4 |a PROCESOS DE DATOS. 
942 |c LIB 
952 |0 0  |1 0  |4 0  |7 0  |9 492  |a UNACH  |b UNACH  |c 000  |d 2007-03-05  |i 22.964.  |l 0  |o 001.64 / C 617.  |p 1491  |r 2022-01-04 00:00:00  |u 492  |w 2012-08-08  |y LIB  |k 001.64 / C 617. 
999 |c 453  |d 453